Nanoelectronics (Record no. 312953)

MARC details
000 -LEADER
fixed length control field 00460nam a2200169Ia 4500
008 - FIXED-LENGTH DATA ELEMENTS--GENERAL INFORMATION
fixed length control field 230718s9999 xx 000 0 und d
020 ## - INTERNATIONAL STANDARD BOOK NUMBER
International Standard Book Number 81-8274-136-x
041 ## - LANGUAGE CODE
Language code of text/sound track or separate title eng
082 ## - DEWEY DECIMAL CLASSIFICATION NUMBER
Classification number 621.382
Item number DIW
100 ## - MAIN ENTRY--PERSONAL NAME
Personal name Diwan P.
245 ## - TITLE STATEMENT
Title Nanoelectronics
260 ## - PUBLICATION, DISTRIBUTION, ETC. (IMPRINT)
Date of publication, distribution, etc. 2006
Name of publisher, distributor, etc. Pentagon Press
300 ## - PHYSICAL DESCRIPTION
Extent 198
Accompanying material [OBSOLETE, CAN/MARC] Ref 836 E (24160)
365 ## - TRADE PRICE
Currency code Rs.
Price amount 950.00
700 ## - ADDED ENTRY--PERSONAL NAME
Personal name Diwan P.(Editor) & Bharadwaj A.(Editor)
9 (RLIN) 189018
906 ## - LOCAL DATA ELEMENT F, LDF (RLIN)
d 1050601924/27.2.06
c ETC
b 190
Holdings
Withdrawn status Lost status Source of classification or shelving scheme Reference No Damaged status Not for loan Home library Current library Date acquired Vendor Budget Code Cost, normal purchase price Bill number Full call number Barcode Date last seen Discount Cost, replacement price Bill Date Koha item type Original Barcode
    Dewey Decimal Classification Ref 836 E (24160)   Reference Cummins College of Engineering for Women Pune Cummins College of Engineering for Women Pune 20/03/2006 Varma Book Distributors ETC 760.00 1050601924/27.2.06 621.382 CCEP-BK-24160 18/07/2023 190 950.00 27/02/2006 Books 024160